Statistics for Companies by the richest people in the world

Click here to take the quiz!

General Stats

  • This quiz has been taken 130 times
  • The average score is 8 of 20

Answer Stats

NameCountryNet Worth (Mar 2013)Company% Correct
Bill GatesUSA$67 BMicrosoft
97%
Christy Walton & familyUSA$28.2 BWal-Mart
59%
S. Robson WaltonUSA$26.1 BWal-Mart
59%
Alice WaltonUSA$26.3 BWal-Mart
59%
Jim WaltonUSA$26.7 BWal-Mart
59%
Jeff BezosUSA$25.2 BAmazon.com
56%
Larry PageUSA$23 BGoogle
55%
Michael BloombergUSA$27 BBloomberg LP
46%
Warren BuffettUSA$53.5 BBerkshire Hathaway
37%
David KochUSA$34 BKoch Industries
36%
Charles KochUSA$34 BKoch Industries
36%
Larry EllisonUSA$43 BOracle
36%
Amancio OrtegaSpain$57 BZara
36%
Liliane Bettencourt & familyFrance$30 BL'Oreal
30%
Bernard Arnault & familyFrance$29 BLVMH
25%
Carlos Slim Helu & familyMexico$73 BAmérica Móvil, Grupo Carso
18%
Karl AlbrechtGermany$26 BAldi
14%
Stefan PerssonSweden$28 BH&M
13%
Sheldon AdelsonUSA$26.5 BLas Vegas Sands
8%
Li Ka-shingHong Kong$31 BHutchison Whampoa, Cheung Kong Holdings
3%

Score Distribution

Percentile by Number Answered

Percent of People with Each Score

Your Score History

You have not taken this quiz